| 000 | 00947nam a2200289Ia 4500 | ||
|---|---|---|---|
| 005 | 20250425160706.0 | ||
| 008 | 250425s9999 xx 000 0 und d | ||
| 041 | _aspa | ||
| 082 | _a343.068 | ||
| 100 | _aVALLARINO GUERRERO, CARLOS | ||
| 245 | 0 | _aMARCO LEGAL DE LA EMPRESA | |
| 250 | _a1A ED. | ||
| 260 |
_aEcuador _bESPOL _c2007 |
||
| 260 | _aGUAYAQUIL | ||
| 300 | _a305 | ||
| 520 | _aEL TEXTO CONSTITUYE UNA VISION PANORAMICA Y UN MARCO REFERENCIAL ACTUALIZADO EN MATERIA LEGISLATIVA, ES UNA HERRAMIENTA QUE PERMITE COMPRENDER DE MEJOR MANERA LOS ELEMENTOS QUE CONSTITUYEN EL SISTEMA JURIDICO ECUATORIANO Y SU ESTRUCTURA BASICA . ENTRE L | ||
| 650 | _aDERECHO ADMINISTRATIVO | ||
| 650 | _aDERECHO ADMINISTRATIVO | ||
| 650 | _aDERECHO LABORAL | ||
| 650 | _aDERECHO LABORAL | ||
| 650 | _aEMPRESAS | ||
| 650 | _aEMPRESAS | ||
| 650 | _aMERCADO DE VALORES | ||
| 650 | _aMERCADO DE VALORES | ||
| 942 | _c01 | ||
| 010 | _a2465 | ||
| 999 |
_c194237 _d194237 |
||